| 000 | 00917nam a2200265Ia 4500 | ||
|---|---|---|---|
| 001 | 21640 | ||
| 005 | 20260320113301.0 | ||
| 008 | 260320s9999||||xx |||||||||||||| ||und|| | ||
| 020 | _a9781319208523 | ||
| 041 | _aING | ||
| 082 |
_a572.8 _bL562 |
||
| 100 |
_aLodish, Harvey, _eAUT |
||
| 245 | 0 |
_aMolecular cell biology _b |
|
| 246 |
_a _5 _b |
||
| 250 | _aNinth edition | ||
| 260 |
_aAustin : _bMacmillan Learning, _c2021 |
||
| 300 |
_axliii, 1184 páginas : _bfiguras, graficos, tablas ; _c28 cm. _e |
||
| 440 |
_a _n _v |
||
| 650 | _aTCA | ||
| 653 | _aBiología molecular | ||
| 654 | _aCCS | ||
| 700 |
_aBerk, Arnold; Kaiser, Chris A.; Krieger, Monty [y otros cinco], _cAUTS |
||
| 856 |
_uhttps://accessmedicina-mhmedical-com.ucsp.lookproxy.com/Book.aspx?bookid=1803 _zVéase además: Biología Molecular. Fundamentos y aplicaciones en las ciencias de la salud. Versión digital |
||
| 942 |
_cLIB _dJUS _fTRC _2ddc _n |
||
| 999 |
_c21640 _d21640 |
||